Statistiques concernant Les parcs nationaux aux Etats Unis

Cliquez ici pour prendre le quiz!

Statistiques générales

  • Ce quiz a été pris 43 fois
  • Le résultat moyen est 17 sur 21

Statistiques - réponses

Nom des parcsEtat% Correct
Gates of the Arctic - Denali - Glacier Bay - Kenai Fjords - Katmai - Wrangell Saint-ÉlieAlaska
98%
Everglades - Dry Tortugas - BiscayneFloride
95%
Joshua Tree - Yosemite - Vallée de la mort - Redwood - Sequoia - Lassen - PinnaclesCalifornie
93%
Arches - Bryce Canyon - Zion - Canyonlands - Capitol ReefUtah
93%
Yellowstone - Grand TetonWyoming
90%
GlacierMontana
88%
Grand Canyon - Petrified ForestArizona
88%
Mesa Verde - Montagnes RocheusesColorado
88%
Badlands - Wind CaveDakota du sud
85%
Theodore RooseveltDakota du nord
85%
Grottes de CarlsbadNouveau Mexique
85%
Olympique - Mont Rainier - North CascadesWashington
85%
HaleakalaHawai
83%
Crater LakeOregon
80%
Big Bend - Guadalupe MountainsTexas
80%
Mammoth caveKentucky
76%
AcadiaMaine
76%
Cuyahoga ValleyOhio
76%
ShenandoahVirginie
73%
Isle RoyaleMichigan
66%
Great Smoky Mountains (2 états)Tennessee - Caroline du Nord.
15%

Distribution des résultats

Percentile par nombre de réponses

% des personnes avec chaque résultat

Votre développement - résultats

Vous n’avez pas pris ce quiz